Statistics for England's Most Successful Football Clubs

Click here to take the quiz!

General Stats

  • This quiz has been taken 52,758 times
    (32,524 since last reset)
  • The average score is 10 of 14

Answer Stats

Trophies Club % Correct
66Manchester United
99%
61Liverpool
97%
30Chelsea
96%
46Arsenal
96%
24Manchester City
94%
26Tottenham Hotspur
87%
24Everton
75%
14Newcastle United
67%
25Aston Villa
62%
13Nottingham Forest
58%
12Blackburn Rovers
41%
10Sunderland
37%
13Wolverhampton Wanderers
34%
10Sheffield Wednesday
25%

Score Distribution

Percentile by Number Answered

Percent of People with Each Score

Your Score History

You have not taken this quiz since the last reset